| 000 | 00988nam a2200301 i 4500 | ||
|---|---|---|---|
| 001 | 200449517 | ||
| 999 |
_c200449517 _d67729 |
||
| 003 | TR-AnTOB | ||
| 005 | 20241121135840.0 | ||
| 007 | ta | ||
| 008 | 020516s2005 tu 000 0 tur d | ||
| 020 | _a975395834X | ||
| 040 |
_aTR-AnTOB _beng _erda _cTR-AnTOB |
||
| 041 | 0 | _atur | |
| 050 | 1 | 4 |
_aNA17.T8 _bT87 2005 |
| 090 |
_aNA17.T8 _bT87 2005 |
||
| 110 | 2 |
_aTürk Mühendis ve Mimar Odaları Birliği _9131938 |
|
| 245 | 1 | 0 |
_aTMMOB 50 Yaşında 1954-2004 : _bTMMOB'nin 50. Yılında geçmişe bakış 50. Yılında TMMOB örgütlülüğü. |
| 264 | 1 |
_aAnkara : _bTürk Mühendis ve Mimar Odaları Birliği, _c2005. |
|
| 300 |
_a214 pages ; _c24 cm |
||
| 336 |
_2rdacontent _atext _btxt |
||
| 337 |
_2rdamedia _aunmediated _bn |
||
| 338 |
_2rdacarrier _avolume _bnc |
||
| 610 | 2 | 0 |
_aTürk Mühendis ve Mimar Odaları Birliği _9131938 |
| 650 | 7 |
_aMimari _zTürkiye _2etuturkob _998555 |
|
| 942 |
_2lcc _cBK |
||